| 000 | 02727cam a2200481 i 4500 | ||
|---|---|---|---|
| 001 | 22054906 | ||
| 003 | OSt | ||
| 005 | 20250725121634.0 | ||
| 008 | 210526s2005 fr b 000 1 fre d | ||
| 010 | _a 2021395571 | ||
| 020 |
_a9782070306022 _q(paperback) |
||
| 020 |
_a207030602X _q(paperback) |
||
| 035 | _a(OCoLC)ocm61499252 | ||
| 040 |
_aWEL _beng _erda _cWEL _dWEL _dBAKER _dNLGGC _dYDXCP _dOCLCG _dIAY _dFVC _dUOI _dOCLCQ _dOCLCO _dOCLCQ _dYOU _dATSHR _dOCLCF _dOCLCO _dOCL _dOCLCO _dNZHSD _dOCLCA _dHCO _dOCLCA _dCNCGM _dL2U _dDLC |
||
| 042 | _alccopycat | ||
| 043 | _af-ae--- | ||
| 050 | 0 | 0 |
_aPQ2605.A3734 _bE8 2005 |
| 082 | 0 | 4 | _a848.91409 |
| 100 | 1 |
_aCamus, Albert, _d1913-1960. |
|
| 245 | 1 | 2 |
_aL'étranger / _cAlbert Camus ; dossier réalisé par Mériam Korichi ; lecture d'image par Agnès Verlet. |
| 264 | 1 |
_a[Paris] : _bGallimard, _c[2005] |
|
| 300 |
_a204 pages ; _c18 cm. |
||
| 336 |
_atext _btxt _2rdacontent |
||
| 337 |
_aunmediated _bn _2rdamedia |
||
| 338 |
_avolume _bnc _2rdacarrier |
||
| 490 | 1 |
_aFolioplus classiques ; _v40 |
|
| 500 | _aA young Algerian, Meursault, afflicted with a sort of aimless inertia, becomes embroiled in the petty intrigues of a local pimp and, somewhat inexplicably, ends up killing a man. Once he's imprisoned and eventually brought to trial, his crime, it becomes apparent, is not so much the arguably defensible murder he has committed as it is his deficient character. In the story of an ordinary man who unwittingly gets drawn into a senseless murder on a sun-drenched Algerian beach. | ||
| 504 | _aIncludes bibliographical references. | ||
| 505 | 0 |
_tL'Étranger -- _tPremière partie -- _tDeuxième partie -- _tTable des chapitres -- _tDossier -- _tDu tableau au texte Analyse de Conference at night d'Edward Hopper (1949) -- _tLe texte en perspective Mouvement littéraire : La littérature engagée -- _tGenre et registre : "Un court roman de moraliste" -- _tL'écrivain à sa table de travail : Un classicisme "instinctif" -- _tGroupement de textes : Personnages insoumis -- _tChronologie : Albert Camus et son temps -- _tÉléments pour une fiche de lecture. |
|
| 546 | _aIn French | ||
| 600 | 1 | 0 |
_aCamus, Albert, _d1913-1960. _tÉtranger. |
| 650 | 0 |
_aMurder _vFiction. |
|
| 650 | 0 | _aMurder in literature. | |
| 651 | 0 |
_aAlgeria _vFiction. |
|
| 651 | 0 |
_aAlgeria _xIn literature. |
|
| 700 | 1 |
_aKorichi, Mériam, _econtributor. |
|
| 700 |
_aNettel Suárez, Guadalupe _91 |
||
| 700 | 1 |
_aVerlet, Agnès, _econtributor. |
|
| 830 | 0 |
_aFolioplus classiques ; _v40. |
|
| 906 |
_a7 _bcbc _ccopycat _d3 _encip _f20 _gy-gencatlg |
||
| 942 |
_2ddc _cBK _n0 |
||
| 999 |
_c1 _d1 |
||